| 000 | 00449nmm a2200157Ia 4500 | ||
|---|---|---|---|
| 008 | 251105s9999||||xx |||||||||||||||||und|| | ||
| 041 | _aspa | ||
| 100 | _aOstrovski, Nikolái | ||
| 245 | 0 | _aAsí se templó el acero | |
| 264 |
_a[Madrid, España] : _bAkal, _c2015 |
||
| 300 | _a480 páginas | ||
| 490 | _aClásicos de la Literatura Eslava | ||
| 650 | _aOther narratives | ||
| 856 | _uhttps://public.digitaliapublishing.com/a/39773 | ||
| 942 | _cCF | ||
| 999 |
_c98722 _d98722 |
||